000 01166nam a2200325Ia 4500
001 16217
003 IT-RoPAU
008 130308s9999 xx 000 0 und d
040 _aIT-RoPAU
040 _cIT-RoPAU
041 _aITALIANO
100 _aSchaff Adam
100 _gCodice Aut. SPICS: 1513
240 _aERKENNTNISTHEORIE - LOGIK - SEMANTIK
240 _gCodice Tit. Orig. Spics: T0805
245 _aTeoria della conoscenza logica e semantica (Saggi filosofici-1)
245 _bTeoria della Conoscenza Logica e Semantica (Saggi Filosofici-1)
250 _a1a ed.
260 _aBARI
260 _bDedalo
260 _c1977 [1° Ed.:1977 - Ed.Ling.Originale:1975]
300 _a"204 p. (prefazione: no ; testo: 204)"
500 _aDialettica marxista e Principio di Contraddizione Espressioni Indeterminate e Limiti della Loro Precisazione Lingua e Agire Umano Sociolinguistica Oggettività della Conoscenza Storica Particità Dello Storico Comprensione del Linguaggio Verbale e della Musica
650 _aFILOSOFIA LINGUISTICA
650 _eCodice materia Spics: 3101
942 _cBK
957 _71
999 _c65445
_d65445
999 _bSI
999 _g1